01047nam a2200253 4500003001100000005001700011008004100028020001800069040003900087041000800126082001700134100003100151245007900182260005900261300003400320490002400354520006000378650002300438650005100461650005500512650005500567650005700622856011400679LK-CoMWRAF20240229145936.0240229b2007 |||||||| |||| 00| 0 eng d a9781932728729 aLK-CoMWRAFdLK-CoMWRAFeLK-CoMWRAF aeng a330.954bSAR aSarvananthan, Muttukrishna aEconomy of the conflict region in Sri Lanka : bfrom embargo to repression aWashington, DC : bEast-West Center Washington, c2007 axi, 87, [2] p. : map ; 24 cm. a Policy studiesv44 aWith reference to North and East provinces of Sri Lanka aEmbargo--Sri Lanka aSri Lanka--History--Civil War-Economic aspects aNorthern Province (Sri Lanka)--Economic conditions aEastern Province (Sri Lanka)--Economic conditions. aEconomic conditions--Regional disparities-Sri Lanka- uhttps://scholarspace.manoa.hawaii.edu/server/api/core/bitstreams/190a5216-7f75-4e38-84df-b263507fcdee/content